50 Random Cities on a World Map - Statistics

General Stats
  • This quiz has been taken 63 times
  • The average score is 31 of 50
Answers on the Map
Answers color-coded by a green-red scale on the quiz's map according to % correct below.
 
Answer Stats
City % Correct
Abidjan
100%
Abuja
100%
Agra
100%
Anshan
100%
Athens
100%
Atlanta
100%
Baku
100%
Bandung
100%
Bangalore
100%
Beijing
100%
Berlin
100%
Bhilai
100%
Bhopal
100%
Bogotá
100%
Boston
100%
Brasília
100%
Brisbane
100%
Bucharest
100%
Budapest
100%
Cairo
100%
Cali
100%
Campinas
100%
Casablanca
100%
Changsha
100%
Chennai
100%
Cincinnati
100%
Cleveland
100%
Cologne / Dusseldorf
100%
Colombo
100%
Dakar
100%
Dallas
100%
Damascus
100%
Dammam
100%
Denver
100%
Doha
100%
Dubai
100%
Fortaleza
100%
Fuzhou
100%
Guadalajara
100%
Guangzhou
100%
Guatemala City
100%
Guayaquil
100%
Gujranwala
100%
Hamburg
100%
Hanoi
100%
Hefei
100%
Ho Chi Minh City
100%
Hong Kong
100%
Houston
100%
Hyderabad
100%
Hyderabad
100%
Ibadan
100%
Izmir
100%
Jaipur
100%
Jakarta
100%
Jeddah
100%
Kabul
100%
Kampala
100%
Kanpur
100%
Karachi
100%
Kathmandu
100%
Kinshasa
100%
Kuala Lumpur
100%
Kumasi
100%
Kunming
100%
Kuwait City
100%
Lima
100%
Luanda
100%
Lusaka
100%
Manaus
100%
Manchester
100%
Maputo
100%
Melbourne
100%
Miami
100%
Minneapolis
100%
Monterrey
100%
Montreal
100%
Moscow
100%
Nairobi
100%
Naples
100%
New York
100%
Orlando
100%
Osaka
100%
Ouagadougou
100%
Paris
100%
Patna
100%
Philadelphia
100%
Port-au-Prince
100%
Pune
100%
Pyongyang
100%
Qingdao
100%
Quito
100%
Recife
100%
Rome
100%
Rotterdam
100%
Saint Louis
100%
San Antonio
100%
San Diego
100%
San Francisco
100%
São Paulo
100%
Seattle
100%
Seoul
100%
Shanghai
100%
Shenyang
100%
Surabaya
100%
Surat
100%
Taichung
100%
Taipei
100%
Tampa
100%
Tashkent
100%
Tel Aviv-Jaffa
100%
Tianjin
100%
Tokyo
100%
Toronto
100%
Tunis
100%
Ürümqi
100%
Vancouver
100%
Washington DC
100%
Wenzhou
100%
Wuhan
100%
Xiamen
100%
Yaoundé
100%
Dalian
67%
Maracaibo
67%
Goiânia
50%
Katowice
50%
Saint Petersburg
50%
Tangshan
50%
The Ruhr
50%
Accra
0%
Addis Ababa
0%
Ahmedabad
0%
Alexandria
0%
Algiers
0%
Amman
0%
Amsterdam
0%
Ankara
0%
Antananarivo
0%
Asunción
0%
Baghdad
0%
Bamako
0%
Bangkok
0%
Baotou
0%
Barcelona
0%
Belém
0%
Belo Horizonte
0%
Birmingham
0%
Buenos Aires
0%
Busan
0%
Cape Town
0%
Caracas
0%
Cebu
0%
Chandigarh
0%
Changchun
0%
Changzhou
0%
Charlotte
0%
Chengdu
0%
Chicago
0%
Chittagong
0%
Chongqing
0%
Coimbatore
0%
Conakry
0%
Curitiba
0%
Daegu
0%
Dar es Salaam
0%
Detroit
0%
Dhaka
0%
Douala
0%
Durban
0%
Faisalabad
0%
Frankfurt
0%
Fukuoka
0%
Guiyang
0%
Hangzhou
0%
Harare
0%
Harbin
0%
Havana
0%
Huizhou
0%
Indore
0%
Isfahan
0%
Istanbul
0%
Jiangyin
0%
Jinan
0%
Johannesburg
0%
Kano
0%
Kaohsiung
0%
Khartoum
0%
Kiev
0%
Kolkata
0%
Lagos
0%
Lahore
0%
Lanzhou
0%
Las Vegas
0%
Leeds
0%
Lisbon
0%
London
0%
Los Angeles
0%
Lucknow
0%
Madrid
0%
Manila
0%
Mashhad
0%
Medan
0%
Medellín
0%
Mexico City
0%
Milan
0%
Mumbai
0%
Munich
0%
Nagoya
0%
Nagpur
0%
Nanchang
0%
Nanjing
0%
Nanning
0%
New Delhi
0%
Ningbo
0%
Okayama
0%
Peshawar
0%
Phoenix
0%
Port Harcourt
0%
Portland
0%
Porto Alegre
0%
Puebla
0%
Rawalpindi
0%
Rio de Janeiro
0%
Riyadh
0%
Salt Lake City
0%
Salvador
0%
Sana'a
0%
San José
0%
Santiago
0%
Santo Domingo
0%
Sapporo
0%
Shantou
0%
Shijiazhuang
0%
Singapore
0%
Stuttgart
0%
Sydney
0%
Taiyuan
0%
Taizhou
0%
Tehran
0%
Toluca
0%
Vienna
0%
Warsaw
0%
Wuxi
0%
Xi'an
0%
Xuzhou
0%
Yangon
0%
Zhengzhou
0%
Zibo
0%
No matching quizzes found
Score Distribution
Percent of People with Each Score
Percentile by Number Answered
Your Score History
You have not taken this quiz